000
00291nam a2200121Ia 4500
008
190216s9999||||xx |||||||||||||| ||und||
100
_a
Muhammed K T
245
0
_a
Chuvanna Ghadikaram
260
_b
Poorna Pubs Kozhikode
_c
1992
300
_a
106p
650
_a
Malayalam Nadakam
942
_c
BK
999
_c
26855
_d
26855